000 00399pab a2200157 454500
008 180718b1995 xxu||||| |||| 00| 0 eng d
100 _aGhosh, Anjan
245 _aPractice of pedagogy in non-formal education
260 _c1995
300 _ap.2303
362 _a16 Sep
650 _aEducation - India
650 _aLiteracy - India
773 _aEconomic and Political Weekly
909 _a29401
999 _c29401
_d29401